| 000 | 00413nam a2200169Ia 4500 | ||
|---|---|---|---|
| 008 | 151213s9999 xx 000 0 und d | ||
| 020 | _a9812656820 | ||
| 100 | _aAllain Anderton | ||
| 245 |
_aEconomics of Principles _cAllain Anderton |
||
| 250 | _a3rd | ||
| 260 |
_aAustralia _bThomson _c2005 |
||
| 300 | _a4110 p. | ||
| 650 | _aEconomics | ||
| 650 | _aEconomics | ||
| 700 | _aAllain Anderton | ||
| 999 |
_c2569 _d2569 |
||